00687nam a22002417a 450000500170000001000230001702000260004003500130006603500170007903500140009603700080011003700130011808200150013110000230014624500850016925000110025426000330026527000560029830000310035450000190038570000210040470000200042520170208153321.0 a1617EN ENG-117022 a9788126563128c999.00 a1617EN  aB-653913-919 aEN-100554 bABC bDBAD/PUB a332.632044 aPetitt, Barbara S. aFixed income analysis / cby Barbara S. Petitt; Jerald E.Pinto and Wendy L.Pirie a3th ed c2016aNew DelhibJohn Wiley  a4435-36/7, Ansari Road,DaryaganjbNew Delhie110002 c24cm(pbk)axxii,714pbill. aincludes index aPinto, Jerald E. aPirie, Wendy L.